Verbes de cuisine en italien - Statistiques

Statistiques générales
  • Ce quiz a été pris 28 fois
  • Le résultat moyen est 4 sur 15
Statistiques - réponses
Hint Réponse % Correct
Bouillir Bollire
60%
Couper Tagliare
60%
Peser Pesare
40%
Verser Versare
40%
Goûter Assaggiare
30%
Cuire Cuocere
30%
Frire Friggere
30%
Griller Grigliare
30%
Trancher Affettare
20%
Râper Grattugiare
20%
Mélanger Mescolare
20%
Chauffer Scaldare
20%
Assaisonner Condire
10%
Eplucher Sbucciare
10%
Hacher/émincer Tritare
10%
Aucun quiz correspondant
Distribution des résultats
% des personnes avec chaque résultat
Percentile par nombre de réponses
Votre historique - résultats
Vous n’avez pas pris ce quiz